000 nam a22 7a 4500
999 _c15989
_d15989
008 161107b xxu||||| |||| 00| 0 eng d
020 _a9780323067843
050 _aRT 41 .P68 2009
100 _aPotter, Patricia A.
245 _aFundamentals of Nursing :
_cPatricia A. Potter and Anne Griffin Perry
250 _a7th ed.
260 _aSt. Louis:
_bMosby Elsevier,
_c2009
300 _axli, 1476p. :
_bill. ;
_ccm
500 _aIncludes bibliographical references and index.
650 _aNursing.
700 _aPerry, Ann Griffin
942 _2lcc
_cBOOKS
_hRT 41 .P68 2009